1484 1131 1118 1062 1358 1673 1079 1131 1291 1966 1890 1058 1688 1701 1673 1923 1424 1796 1676 1126 1403 1988 1698 1462 1205 1292 1024 1536 1872 1333 1610 1701 1309 1577 1355 1020 1501 1240 1127 1188 1131 1428 1832 1869 1200 1247 1457 1844 1444 1753 1123 1557 1782 1824 1499 1241 1493 1786 1633 1027 1856 1643 1223 1079 1908 1467 1606 1655 1821 1296 1491 1951 1206 1308 1391 1673 1611 1560 1803 1502 1472 1741 1994 1466 1875 1133 1299 1349 1821 1345 1994 1458 1333 1439 1657 1846 1911 1207 1982 BCNSPRNW ULIB Ver.6.0+V

เปลี่ยนเป็นภาษาไทย

Change to English
 แสดงรายละเอียดบรรณานุกรม
  กลับหน้าหลัก

Brief Record : Get Marc (ISO 2709) : E-mail record : QR code < ปิดหน้าต่าง
LEADER : 00000nam 2200000uu 4500
001    13399127086
003     ULIB
008    020711s2560 th a 000 0 tha d
020    ^a9786162321603
060    ^aWS103^bฌ-ค
100    ^aเฌอ
245    ^aคำสอนของพ่อ นิทานคำสอนของพ่อ (หลวง) ชุดที่ 1 เล่ม 1 (สองภาษา ไทย-อังกฤษ)
250    ^aพิมพ์ครั้งที่ 1
260    ^aกรุงเทพฯ :^bบริษัท บีเวล พับลิชชิ่ง จำกัด,^c2560
300    ^a12 หน้า;^b19 ซม.
650    ^aเด็ก^xการเรียนการสอน
945    ^p35^l0^i006274
999    ^aประนอม เกษจรัล
รายการนี้ยังไม่มีแท็ก
คุณยังไม่ได้ล็อกอิน คุณสามารถมีกิจกรรมร่วมกับเว็บไซต์ได้ แต่ต้องล็อกอินก่อน ::
  ล็อกอิน

รายการสื่อสารสนเทศ

ลำดับที่ ประเภท เลขเรียก/บาร์โค้ด สถานที่ สถานะ
1. วิทยาศาสตร์การแพทย์ และสุขภาพ
วิทยาศาสตร์การแพทย์ และสุขภาพ
WS103 ฌ-ค ฉ.1 
  Barcode: 006274
ห้องสมุดวิทยาเขตสวรรค์ประชารักษ์
►หนังสือทั่วไป
บนชั้น

รายการใกล้เคียง
    ผู้แต่ง [เฌอ]

BibComment


ยังไม่เคยถูกคอมเมนท์

คอมเมนท์ทรัพยากรรายการนี้
  คอมเมนท์: คำสอนของพ่อ นิทา..


 Copyright 2026. Bcnsprnw @Library